[Event "LTU-ch Women 2020"]
[Site "Vilnius"]
[Date "2020.11.21"]
[Round "2.4"]
[White "Saumanaite, Skaiste"]
[Black "Sukyte, Kotryna"]
[Result "1-0"]
[WhiteElo "2033"]
[BlackElo "1405"]
[Annotator "TA"]
[PlyCount "109"]
[EventDate "2020.11.20"]
[EventType "swiss"]
[EventCountry "LTU"]
[SourceTitle "playchess.com"]
[Source "ChessBase"]
[SourceQuality "1"]

{[%evp 17,109,12,29,14,47,52,67,48,95,97,111,77,70,66,66,66,111,62,79,76,81,2,10,0,0,-23,-27,-31,-6,-29,-37,-37,-21,-27,-33,-26,0,0,0,-97,-97,-97,-93,-89,437,-29,0,0,0,0,256,228,237,211,248,250,256,244,781,781,779,774,772,749,1003,940,939,936,940,940,924,845,765,749,919,905,881,634,631,575,5314,5314,5314,5265,29986,5605,29987,29988,29992,29993,29993,29994,29995,29996]} 1. d4 d5 2. Nf3 Nf6 3. c4 dxc4 4. Qa4+ c6 5. Qxc4 b5 6. Qc2 Bb7 7. g3 e6 8. Bg2 Be7 9. O-O O-O 10. Rd1 {[#] D30: Queen's Gambit Declined: Systems without Nc3.} Nd5 $146 ({Predecessor:} 10... Nbd7 11. Nbd2 c5 12. dxc5 Nxc5 13. Nb3 Qc8 14. Be3 Be4 15. Qc3 Nxb3 16. axb3 Qb7 17. Qa5 Nd5 {1-0 (52) Maghsoodloo,P (2676)-Praggnanandhaa,R (2608) chess.com INT 2020}) 11. e4 Nf6 12. Ne5 {White is slightly better.} Qc7 13. Nc3 a6 14. Qe2 c5 15. Bf4 Bd6 16. Rac1 Rc8 17. Nb1 Nc6 18. Nxc6 Bxf4 19. gxf4 (19. Rxc5 $16 Bd6 20. Rc2) 19... Bxc6 $11 20. d5 exd5 {[%cal Rf6e4]} 21. exd5 Bb7 22. d6 Qd7 23. Bxb7 Qxb7 24. Nd2 {[%cal Bb1d2,Bd2f3,Bf3e5][%mdl 32]} c4 25. Nf3 Re8 26. Ne5 {Threatening b3.} Nd7 27. Qh5 g6 28. Qg4 (28. Qh4 $1 $11 {keeps the balance.}) 28... Nxe5 $17 29. fxe5 Rxe5 30. b3 cxb3 $2 {[%mdl 8192]} (30... h5 $17 {and life is bright.} 31. Qg2 Qxg2+ 32. Kxg2 Rc5) 31. axb3 $2 (31. d7 $18 {And now Rc8+ would win.} Rf5 32. d8=Q+ (32. axb3 $2 Rd8 $19) 32... Rxd8 33. Rxd8+ Kg7 34. axb3) 31... Rd8 {...Rd5 is the strong threat.} (31... h5 $5 {[%cal Rh5g4]} 32. Qh4 Re4 $15) 32. Rc7 Qb6 33. Rc8 {[#] Hoping for Qd7.} Kg7 $2 {[%mdl 8192] White now steadily converts the win.} (33... h5 $1 $11 34. Qd7 Rxc8 35. Qxc8+ Kh7) 34. Rxd8 $18 Qxd8 {[%mdl 4096] Endgame KQR-KQR} 35. Qd4 f6 36. d7 {[%mdl 1024] White has strong compensation.} Re7 37. Qd6 Kf7 $2 (37... Rf7 38. b4 Kh6) 38. Qc6 Re6 39. Qc8 Ke7 40. b4 f5 41. Qc5+ Kf7 42. Qd5 {Black must now prevent Re1.} Ke7 43. Kf1 Kf6 44. Qd4+ Kf7 45. Qc3 h6 46. Rd5 h5 47. f3 {Threatens to win with Qc8.} h4 48. Qd2 Rc6 49. Rc5 Rxc5 50. bxc5 {[%cal Bb4c5,Bc5c6,Bc6c7][%mdl 32] KQ-KQ} Ke6 51. Qd6+ {[%mdl 64] [#] Double Attack} Kf7 52. c6 {White mates.} b4 53. c7 Qa8 54. Qd3 Qh8 55. Qd5+ {Weighted Error Value: White=0.37/Black=0.64} 1-0

[Event "LTU-ch Women 2020"]
[Site "Vilnius"]
[Date "2020.11.21"]
[Round "2.5"]
[White "Sulikiene, Kristina"]
[Black "Sitkauskaite, Ieva"]
[Result "1-0"]
[WhiteElo "1892"]
[BlackElo "1367"]
[Annotator "NA"]
[PlyCount "95"]
[EventDate "2020.11.20"]
[EventType "swiss"]
[EventCountry "LTU"]
[SourceTitle "playchess.com"]
[Source "ChessBase"]
[SourceQuality "1"]
[TimeControl "40/5400+30:1800+30"]

1. e4 {[%emt 0:00:00]} c5 {[%emt 0:00:00]} 2. Nc3 {[%emt 0:00:00]} e6 {[%emt 0:00:00]} 3. g3 {[%emt 0:00:00]} d5 {[%emt 0:00:19]} 4. Bg2 {[%emt 0:00:53]} Nf6 {[%emt 0:00:42]} 5. e5 {[%emt 0:00:58]} Nfd7 {[%emt 0:01:21]} 6. f4 {[%emt 0:01:44]} Nc6 {[%emt 0:03:07]} 7. Nf3 {[%emt 0:01:03]} Be7 {[%emt 0:04:14]} 8. O-O {[%emt 0:01:32]} O-O {[%emt 0:01:39]} 9. h3 {[%emt 0:00:49]} a6 {[%emt 0:04:56]} 10. Kh2 {[%emt 0:00:55]} b5 {[%emt 0:04:04]} 11. d3 {[%emt 0:02:31]} Bb7 {[%emt 0:03:14]} 12. Bd2 {[%emt 0:03:15]} Qb6 {[%emt 0:07:59]} 13. Qe2 {[%emt 0:06:23]} b4 {[%emt 0:06:41]} 14. Nd1 {[%emt 0:01:21]} a5 {[%emt 0:07:14]} 15. Nf2 {[%emt 0:05:29]} a4 {[%emt 0:05:55]} 16. g4 {[%emt 0:01:00]} b3 {[%emt 0:05:52]} 17. axb3 {[%emt 0:10:50]} axb3 {[%emt 0:00:39]} 18. c3 {[%emt 0:01:32]} Ra2 {[%emt 0:04:11]} 19. Rab1 {[%emt 0:04:08]} Qc7 {[%emt 0:10:08]} 20. g5 {[%emt 0:08:38]} Nb6 {[%emt 0:05:00]} 21. Ng4 {[%emt 0:04:01]} Na4 {[%emt 0:04:28]} 22. Be1 {[%emt 0:04:45]} Ba6 {[%emt 0:06:05]} 23. Rg1 {[%emt 0:05:15]} c4 {[%emt 0:01:45]} 24. d4 {[%emt 0:03:11]} Ba3 {[%emt 0:01:15]} 25. Qf2 {[%emt 0:01:51]} Bxb2 {[%emt 0:07:52]} 26. Qh4 {[%emt 0:01:19]} h6 {[%emt 0:02:45]} 27. Nf6+ {[%emt 0:03:17]} Kh8 {[%emt 0:00:28]} 28. gxh6 {[%emt 0:05:32]} g6 {[%emt 0:00:08]} 29. h7 {[%emt 0:07:12]} Qd8 {[%emt 0:00:59]} 30. Qh6 {[%emt 0:00:50]} Ne7 {[%emt 0:00:32]} 31. Nd7 {[%emt 0:05:00]} Re8 {[%emt 0:00:18]} 32. Ng5 {[%emt 0:00:12]} Rf8 {[%emt 0:00:36]} 33. Nxf8 {[%emt 0:00:28]} Qe8 {[%emt 0:00:15]} 34. Nd7 {[%emt 0:03:18]} Nf5 {[%emt 0:00:27]} 35. Qf8+ {[%emt 0:00:16]} Qxf8 {[%emt 0:00:05]} 36. Nxf8 {[%emt 0:00:01]} Nh6 {[%emt 0:00:59]} 37. Bh4 {[%emt 0:00:54]} Kg7 {[%emt 0:01:22]} 38. Ngxe6+ {[%emt 0:00:14]} fxe6 {[%emt 0:00:31]} 39. Bf6+ {[%emt 0:00:03]} Kxf8 {[%emt 0:00:32]} 40. h8=Q+ {[%emt 0:00:03]} Ng8 {[%emt 0:00:26]} 41. Qg7+ {[%emt 0:30:36]} Ke8 {[%emt 0:30:12]} 42. Qxg8+ {[%emt 0:00:50]} Kd7 {[%emt 0:00:07]} 43. Qd8+ {[%emt 0:00:23]} Kc6 {[%emt 0:00:16]} 44. Qd6+ {[%emt 0:02:40]} Kb7 {[%emt 0:00:26]} 45. Qxe6 {[%emt 0:01:02]} Bxc3 {[%emt 0:00:30]} 46. Qxd5+ {[%emt 0:00:41]} Kb6 {[%emt 0:01:25]} 47. Bd8+ {[%emt 0:00:30]} Ka7 {[%emt 0:00:28]} 48. Qa8# {[%emt 0:00:07]} 1-0

[Event "LTU-ch Women 2020"]
[Site "Vilnius"]
[Date "2020.11.22"]
[Round "3.1"]
[White "Baginskaite, Kamile"]
[Black "Ravlusevic, Evelina"]
[Result "1-0"]
[WhiteElo "2141"]
[BlackElo "1581"]
[Annotator "TA"]
[PlyCount "63"]
[EventDate "2020.11.20"]
[EventType "swiss"]
[EventCountry "LTU"]
[SourceTitle "playchess.com"]
[Source "ChessBase"]
[SourceQuality "1"]

{[%evp 16,63,39,39,57,43,67,55,102,60,57,7,137,132,136,134,134,138,183,181,184,160,152,160,235,228,237,162,252,220,247,233,220,224,239,262,485,486,706,706,686,685,625,302,1089,1077,1001,910,1721,1721]} 1. d4 d5 2. c4 c6 3. Nf3 Nf6 4. e3 e6 5. Bd3 Nbd7 6. O-O Be7 7. Nc3 dxc4 8. Bxc4 b5 9. Bd3 a6 {D47: Semi-Slav: Meran System.} 10. e4 c5 11. d5 e5 {[#] White is slightly better.} 12. a4 $146 ({Predecessor:} 12. d6 Bf8 13. Bxb5 axb5 14. Nxb5 Qa5 15. Nc7+ Kd8 16. Ng5 Bxd6 17. Qxd6 Rf8 18. Rd1 Ne8 19. Nge6+ {1-0 (19) Shawket Bin,O (2081)-Md,M (1953) Dhaka 2017}) 12... b4 13. Nb1 {[%cal Bc3b1,Bb1d2,Bd2c4][%mdl 32] Threatening Nbd2.} O-O (13... c4 $1 $11 {remains equal.} 14. Be2 Nxe4) 14. Nbd2 $16 Ne8 15. Nc4 $36 {[%mdl 2048] Black is under strong pressure.} Qc7 16. a5 f6 17. Be3 Nd6 18. Nxd6 Bxd6 19. Nd2 Qd8 (19... f5 $16) 20. Nc4 $18 Qe7 21. Qh5 Rd8 (21... f5 $142) 22. g3 Nf8 23. f4 exf4 24. gxf4 ({Much less strong is} 24. Bxf4 $6 Bxf4 25. gxf4 Bd7) 24... Bc7 25. Rad1 {Hoping for d6!} Bb7 $2 {[#]} (25... Qe8 26. Qxe8 Rxe8 27. Bxc5 Bh3) 26. d6 $1 {[%mdl 512]} Bxd6 (26... Rxd6 $142 27. Bxc5 {[%mdl 64] Pin} Kh8) 27. Nxd6 Rxd6 28. Bxc5 {[%mdl 64] Double Attack} Kh8 29. e5 (29. Bb1 $142) 29... Qc7 $2 (29... fxe5 30. Bxd6 (30. Bxb4 Rg6+ {[%mdl 64] Discovered Attack} 31. Qxg6 Qxb4 $16) 30... Qxd6 31. fxe5 Qc5+ 32. Rf2 Bc6) 30. Bxd6 {White is clearly winning.} Qc6 31. Rd2 {[#] Strongly threatening Bxf8.} Qh1+ 32. Kf2 {Weighted Error Value: White=0.25/Black=0.47} 1-0

[Event "LTU-ch Women 2020"]
[Site "Vilnius"]
[Date "2020.11.22"]
[Round "3.2"]
[White "Perminaite, Guoda"]
[Black "Saumanaite, Skaiste"]
[Result "1/2-1/2"]
[WhiteElo "1757"]
[BlackElo "2033"]
[Annotator "TA"]
[PlyCount "65"]
[EventDate "2020.11.20"]
[EventType "swiss"]
[EventCountry "LTU"]
[SourceTitle "playchess.com"]
[Source "ChessBase"]
[SourceQuality "1"]

{[%evp 17,65,-8,34,21,38,28,39,35,43,45,40,50,47,47,63,23,23,23,22,22,22,22,25,22,26,16,20,28,48,46,64,19,68,71,79,18,36,19,60,62,97,0,30,32,32,12,20,0,31,0]} 1. e4 c5 2. Nf3 g6 3. d4 cxd4 4. Nxd4 Bg7 5. Nc3 Nc6 6. Be3 Nf6 7. Nxc6 bxc6 8. e5 Ng8 9. f4 d6 (9... f6 {is more complex.} 10. exf6 Nxf6 11. Qd2 Rb8 12. Bc4 d5) 10. Bd4 {B34: Sicilian: Accelerated Dragon with 5 Nc3: sidelines.} (10. Qf3 {is interesting.} Nh6 11. O-O-O Bd7 12. Bd3 d5 13. h3) 10... dxe5 11. Bxe5 {[#]} (11. fxe5 Nh6 $15) 11... Qxd1+ $146 ({Predecessor:} 11... Nf6 12. Qxd8+ Kxd8 13. Bc4 e6 14. O-O-O+ Ke7 15. h3 Rd8 16. Rxd8 Kxd8 17. Rd1+ Ke7 {0-1 (66) Stevens,P-Immonen,V Mureck 2007}) 12. Rxd1 Bxe5 13. fxe5 Nh6 14. h3 Nf5 15. Kf2 Rb8 16. g4 Rxb2 17. gxf5 {Strongly threatening Bd3.} Rxc2+ {[%mdl 64] [#] Double Attack} 18. Ne2 Bxf5 19. Bg2 O-O 20. a4 Rb8 21. Rc1 Rb4 22. Bxc6 Rxc1 23. Rxc1 Bxh3 24. Ke3 g5 25. Nd4 Kg7 26. Rh1 (26. Bb5 $16) 26... Bg4 $11 27. a5 a6 28. Be4 Ra4 29. Nc6 ({But not} 29. Bxh7 $6 Rxa5 30. Be4 Rxe5 $11) (29. Bf5 $16 Rxd4 30. Rxh7+ Kg8 31. Kxd4 Bxf5 32. Rh2) 29... Bd7 30. Rxh7+ Kf8 31. Rh8+ Kg7 32. Rh7+ Kf8 33. Rh8+ {Weighted Error Value: White=0.19/Black=0.12} 1/2-1/2

[Event "LTU-ch Women 2020"]
[Site "Vilnius"]
[Date "2020.11.22"]
[Round "3.3"]
[White "Sibajeva, Marija"]
[Black "Plutaite, Ausra"]
[Result "1-0"]
[WhiteElo "1910"]
[BlackElo "1400"]
[Annotator "TA"]
[PlyCount "43"]
[EventDate "2020.11.20"]
[EventType "swiss"]
[EventCountry "LTU"]
[SourceTitle "playchess.com"]
[Source "ChessBase"]
[SourceQuality "1"]

{[%evp 14,43,32,27,22,21,73,49,66,32,38,41,194,207,313,326,382,366,372,378,524,518,800,768,1386,1326,1326,1321,1762,1723,29988,29989]} 1. e4 e6 2. d4 d5 3. Nd2 Nf6 4. e5 Nfd7 5. Bd3 b6 6. f4 Ba6 7. Ndf3 c5 8. c3 Bxd3 {C06: French Tarrasch: 3...Nf6 4 e5 Nfd7 5 Bd3 main lines.} 9. Qxd3 c4 (9... Nc6 $11 {keeps the balance.}) 10. Qe2 Nc6 {White is slightly better.} 11. Nh3 Be7 12. O-O {[#]} b5 $146 {[#]} (12... Nf8 $14) ({Predecessor:} 12... g6 13. g4 h5 14. gxh5 Rxh5 15. Nhg5 b5 16. Qg2 Nb6 17. Nxe6 fxe6 18. Qxg6+ Kd7 19. Qxh5 {1-0 (34) Engel,R (1908)-Buchenau,F (2064) Playchess.com INT 2020}) 13. f5 $1 $18 {[%mdl 512] And now fxe6 would win.} Nf8 (13... h6 $142 14. fxe6 fxe6) (13... exf5 14. e6) 14. Nfg5 Bxg5 15. Nxg5 {Black must now prevent fxe6.} ({Less strong is} 15. Bxg5 Qd7 $16) 15... Qd7 16. fxe6 Nxe6 17. Rxf7 Ncxd4 (17... Ne7 $142 18. Qh5 O-O-O) 18. cxd4 Nxd4 19. Qd1 Qc6 20. Qxd4 h6 21. Rxg7 hxg5 22. Bxg5 {Black got outplayed after the opening.  Weighted Error Value: White=0.08/Black=1.22} 1-0

[Event "LTU-ch Women 2020"]
[Site "Vilnius"]
[Date "2020.11.22"]
[Round "3.4"]
[White "Bajoraite, Rita"]
[Black "Sulikiene, Kristina"]
[Result "1-0"]
[WhiteElo "1741"]
[BlackElo "1892"]
[Annotator "NA"]
[PlyCount "191"]
[EventDate "2020.11.20"]
[EventType "swiss"]
[EventCountry "LTU"]
[SourceTitle "playchess.com"]
[Source "ChessBase"]
[SourceQuality "1"]
[TimeControl "40/5400+30:1800+30"]

1. d4 {[%emt 0:00:00]} Nf6 {[%emt 0:00:00]} 2. c4 {[%emt 0:00:04]} e6 {[%emt 0:00:00]} 3. Nf3 {[%emt 0:00:37]} Bb4+ {[%emt 0:00:10]} 4. Bd2 {[%emt 0:00:11]} c5 {[%emt 0:00:21]} 5. e3 {[%emt 0:00:27]} O-O {[%emt 0:01:21]} 6. Bd3 {[%emt 0:00:33]} Nc6 {[%emt 0:01:45]} 7. O-O {[%emt 0:01:01]} d6 {[%emt 0:02:38]} 8. Bxb4 {[%emt 0:12:01]} cxb4 {[%emt 0:03:42]} 9. Nbd2 {[%emt 0:18:10]} e5 {[%emt 0:01:54]} 10. Ne4 {[%emt 0:02:04]} Bg4 {[%emt 0:01:58]} 11. d5 {[%emt 0:09:18] [#]} Nxe4 $146 {[%emt 0:04:09]} ({Predecessor:} 11... Nb8 12. Ng3 Na6 13. Bf5 Bxf5 14. Nxf5 Qd7 15. N3h4 g6 16. f4 Rae8 17. fxe5 Rxe5 {½-½ (35) Amura,C (2329)-Paridar,S (2242) Khanty-Mansiysk 2010}) 12. Bxe4 {[%emt 0:07:04]} Ne7 $2 {[%emt 0:02:56] [#]} ({Black should try} 12... Nb8 $11 13. h3 Bxf3 14. Bxf3 (14. Qxf3 Nd7 $11) 14... Qc7) 13. Bxh7+ $1 {[%emt 0:05:52]} Kh8 {[%emt 0:01:59]} 14. Bc2 {[%emt 0:00:37]} ({Better is} 14. Bd3) 14... f5 {[%emt 0:03:22]} 15. h3 {[%emt 0:01:25]} Bh5 {[%emt 0:00:38]} 16. Qd2 {[%emt 0:02:26]} (16. g4 $5 fxg4 17. Nh2 $14) 16... Bxf3 {[%emt 0:03:46]} 17. gxf3 {[%emt 0:00:06]} Ng6 {[%emt 0:02:07]} 18. Kh2 {[%emt 0:01:43]} Nh4 {[%emt 0:06:15]} 19. Bd1 {[%emt 0:00:52]} f4 {[%emt 0:05:59]} ({But not} 19... Qg5 $6 20. Rg1 $16) 20. Rg1 {[%emt 0:05:47]} a5 {[%emt 0:06:17]} (20... Rc8 $11) 21. Rg4 {[%emt 0:00:39]} Qf6 {[%emt 0:03:09]} 22. exf4 {[%emt 0:06:00]} exf4 {[%emt 0:00:22] [#]} (22... Qh6 $14) 23. Qd3 $1 {[%emt 0:00:36]} Rae8 {[%emt 0:11:48]} 24. Bc2 {[%emt 0:00:35]} Qh6 {[%emt 0:06:24]} 25. Rag1 {[%emt 0:00:34]} Re7 {[%emt 0:03:02]} 26. c5 {[%emt 0:11:23]} dxc5 {[%emt 0:05:59]} 27. d6 {[%emt 0:00:06]} Rd7 {[%emt 0:01:33]} 28. Qe4 {[%emt 0:00:57]} b5 {[%emt 0:05:07]} 29. Rd1 {[%emt 0:04:34]} c4 {[%emt 0:04:28]} 30. Qe7 $4 {[%emt 0:01:06]} (30. Rd5 $18 {and all is fine.}) 30... Nxf3+ $2 {[%emt 0:00:51]} (30... Rxe7 $19 31. dxe7 Rg8) 31. Kg2 {[%emt 0:00:31]} Rxe7 {[%emt 0:04:00]} 32. dxe7 {[%emt 0:00:01]} Rg8 {[%emt 0:02:46]} 33. Kxf3 {[%emt 0:03:11]} Qxh3+ {[%emt 0:00:27]} (33... g5 $5 34. h4 $8 Qe6 35. hxg5 Re8 36. Rh4+ Kg8 $11) 34. Kxf4 {[%emt 0:00:19] [#]} g5+ $1 {[%emt 0:00:54]} 35. Kf5 {[%emt 0:04:15]} Re8 {[%emt 0:02:30]} 36. Kxg5 {[%emt 0:00:44]} Rxe7 $2 {[%emt 0:01:28]} (36... Kg7 $1 $11 {and Black is okay.} 37. Rdg1 Rxe7 38. Kf4+ Kf8 39. Rg8+ Kf7 40. R8g7+ Kf8 41. Rg8+ Kf7 42. R8g7+ Kf8 43. Rg8+) 37. Rh4+ {[%emt 0:01:32]} Qxh4+ 38. Kxh4 {[%emt 0:00:12]} Re2 {[%emt 0:00:37]} (38... Re5 $142 39. Rd2 c3) 39. Rd8+ $2 {[%emt 0:00:07]} ({White should try} 39. Kg5 $18 Kg8 40. Rd8+ Kg7 41. Bf5 Rxb2 42. Rd7+ Kf8 43. Kf6) 39... Kg7 {[%emt 0:00:22]} 40. Bf5 {[%emt 0:00:30]} ({Of course not} 40. Rd7+ Kf6 $17) 40... Rxf2 {[%emt 0:01:09]} (40... Kf6 $1 $11 41. Kg4 (41. Rf8+ Ke7 $15) 41... Rxb2) 41. Kg5 {[%emt 0:30:14]} Rg2+ {[%emt 0:30:52]} 42. Bg4 {[%emt 0:00:12]} c3 {[%emt 0:00:00]} 43. Rd7+ {[%emt 0:00:00]} Kg8 {[%emt 0:00:00]} 44. bxc3 {[%emt 0:00:00]} bxc3 {[%emt 0:00:00]} 45. Rc7 {[%emt 0:00:00]} b4 {[%emt 0:00:00] [#]} 46. Kf4 {[%emt 0:00:00]} (46. Kf5 $1 $16) 46... a4 {[%emt 0:00:00]} (46... Kf8 $11) 47. Bf5 $16 {[%emt 0:00:00]} Rd2 {[%emt 0:00:00]} 48. Ke3 {[%emt 0:00:00]} Kf8 {[%emt 0:00:00]} 49. Rc4 {[%emt 0:00:00]} Rb2 {[%emt 0:00:00]} 50. Bd7 {[%emt 0:00:00]} a3 {[%emt 0:00:00]} 51. Ba4 {[%emt 0:00:00]} Ke7 {[%emt 0:00:00]} 52. Bb3 {[%emt 0:00:00]} Rh2 {[%emt 0:00:00]} 53. Rxb4 {[%emt 0:00:00]} Rh3+ {[%emt 0:00:43]} 54. Ke2 {[%emt 0:00:00]} Kd6 {[%emt 0:00:28]} 55. Kd1 {[%emt 0:00:00]} Kc5 {[%emt 0:01:01]} 56. Rc4+ {[%emt 0:00:00]} Kb5 {[%emt 0:00:26]} 57. Kc2 {[%emt 0:00:00]} Rh2+ {[%emt 0:00:53]} 58. Kxc3 {[%emt 0:00:00]} Rh3+ {[%emt 0:00:18]} 59. Kc2 {[%emt 0:00:00]} Rh2+ {[%emt 0:00:14]} 60. Kb1 {[%emt 0:00:00]} Rh1+ {[%emt 0:01:08]} 61. Rc1 {[%emt 0:00:00]} Rh2 {[%emt 0:00:12]} 62. Bc2 {[%emt 0:00:00]} Kb4 {[%emt 0:00:31]} 63. Bd3 {[%emt 0:00:00]} Rb2+ {[%emt 0:00:17]} 64. Ka1 {[%emt 0:00:00]} Rd2 {[%emt 0:00:44]} 65. Rc4+ {[%emt 0:00:00]} Ka5 {[%emt 0:00:07]} 66. Bc2 {[%emt 0:00:34]} Rh2 {[%emt 0:00:40]} 67. Be4 {[%emt 0:02:05]} Rf2 {[%emt 0:00:56]} 68. Kb1 {[%emt 0:00:36]} Rb2+ {[%emt 0:00:07]} 69. Ka1 {[%emt 0:00:14]} Rf2 {[%emt 0:00:27]} 70. Bd3 {[%emt 0:01:29]} Rd2 {[%emt 0:01:25]} 71. Bc2 {[%emt 0:00:38]} Kb5 {[%emt 0:00:30]} 72. Bb3 {[%emt 0:01:53]} Rg2 {[%emt 0:00:48]} 73. Kb1 {[%emt 0:01:25]} Rg1+ {[%emt 0:01:01]} 74. Rc1 {[%emt 0:00:22]} Rg4 {[%emt 0:00:32]} 75. Rd1 {[%emt 0:00:23]} Kb4 {[%emt 0:00:14]} 76. Kc2 {[%emt 0:00:14]} Rh4 {[%emt 0:00:27]} 77. Rd2 {[%emt 0:00:10]} Rg4 {[%emt 0:00:24]} 78. Bd5 {[%emt 0:00:55]} Rh4 {[%emt 0:00:24]} 79. Re2 {[%emt 0:00:23]} Kc5 {[%emt 0:00:34]} 80. Be6 {[%emt 0:00:34]} Kb4 {[%emt 0:00:19]} 81. Bf5 {[%emt 0:00:24]} Rc4+ {[%emt 0:00:54]} 82. Kd2 {[%emt 0:00:25]} Rc7 {[%emt 0:00:51]} 83. Re4+ {[%emt 0:00:20]} Ka5 {[%emt 0:00:31]} 84. Kd3 {[%emt 0:00:53]} Rc5 {[%emt 0:00:27]} 85. Bd7 {[%emt 0:00:59]} Rc1 {[%emt 0:01:00]} 86. Ra4+ {[%emt 0:01:10]} Kb6 {[%emt 0:00:06]} 87. Be6 {[%emt 0:00:42]} Rg1 {[%emt 0:00:16]} 88. Rb4+ {[%emt 0:01:07]} Ka5 {[%emt 0:00:18]} 89. Rb3 {[%emt 0:00:23]} Rd1+ {[%emt 0:01:58]} 90. Kc4 {[%emt 0:00:28]} Rc1+ {[%emt 0:00:28]} 91. Rc3 {[%emt 0:00:30]} Re1 {[%emt 0:00:13]} 92. Kc5 {[%emt 0:00:33]} Re5+ {[%emt 0:00:45]} 93. Bd5 {[%emt 0:00:02]} Ka4 {[%emt 0:00:26]} 94. Rb3 {[%emt 0:00:37]} Re1 {[%emt 0:01:07]} 95. Rb8 {[%emt 0:00:51]} Rc1+ {[%emt 0:00:50]} 96. Bc4 {[%emt 0:00:09]} 1-0

[Event "LTU-ch Women 2020"]
[Site "Vilnius"]
[Date "2020.11.22"]
[Round "3.5"]
[White "Sukyte, Kotryna"]
[Black "Maciulaityte, Barbora"]
[Result "0-1"]
[WhiteElo "1405"]
[BlackElo "1696"]
[Annotator "NA RC"]
[PlyCount "76"]
[EventDate "2020.11.20"]
[EventType "swiss"]
[EventCountry "LTU"]
[SourceTitle "playchess.com"]
[Source "ChessBase"]
[SourceQuality "1"]
[TimeControl "40/5400+30:1800+30"]

1. e4 {[%emt 0:00:00]} c5 {[%emt 0:00:00]} 2. Nc3 {[%emt 0:00:00]} Nc6 {[%emt 0:00:00]} 3. g3 {[%emt 0:00:00]} g6 {[%emt 0:00:01]} 4. Bg2 {[%emt 0:00:03]} Bg7 {[%emt 0:00:17]} 5. d3 {[%emt 0:00:16]} e6 {[%emt 0:00:13]} 6. Be3 {[%emt 0:00:47]} d6 {[%emt 0:02:19]} 7. Nge2 {[%emt 0:00:30]} Nge7 {[%emt 0:00:46]} 8. Qd2 {[%emt 0:01:04]} Nd4 {[%emt 0:02:43]} 9. Nd1 {[%emt 0:01:40]} Nxe2 {[%emt 0:08:03]} 10. Qxe2 {[%emt 0:00:10]} O-O {[%emt 0:00:10]} 11. O-O {[%emt 0:00:08]} Rb8 {[%emt 0:09:50]} 12. f4 {[%emt 0:04:05]} b5 {[%emt 0:00:39]} 13. g4 {[%emt 0:01:57]} f5 {[%emt 0:07:29]} 14. gxf5 {[%emt 0:21:31]} exf5 {[%emt 0:00:11]} 15. e5 {[%emt 0:12:41]} Be6 {[%emt 0:07:49]} 16. d4 {[%emt 0:08:21]} Bc4 {[%emt 0:03:24]} 17. Qf2 {[%emt 0:00:18]} Bxf1 {[%emt 0:00:25]} 18. Qxf1 {[%emt 0:00:20]} cxd4 {[%emt 0:00:30]} 19. Bxd4 {[%emt 0:00:13]} dxe5 {[%emt 0:00:17]} 20. Bxa7 {[%emt 0:00:43]} Rc8 {[%emt 0:00:58]} 21. Qxb5 {[%emt 0:05:35]} e4 {[%emt 0:02:09]} 22. c3 {[%emt 0:08:16]} Nd5 {[%emt 0:05:01]} 23. Qf1 {[%emt 0:09:27]} Qc7 {[%emt 0:02:57]} 24. Qf2 {[%emt 0:06:42]} Nxf4 {[%emt 0:02:38]} 25. Bf1 {[%emt 0:02:48]} Nd5 {[%emt 0:04:47]} 26. Bd4 {[%emt 0:06:00]} f4 {[%emt 0:03:22]} 27. Bxg7 {[%emt 0:01:45]} Qxg7 {[%emt 0:00:22]} 28. c4 {[%emt 0:01:14]} e3 {[%emt 0:01:00]} 29. Qf3 {[%emt 0:01:20]} Ne7 {[%emt 0:02:38]} 30. Rb1 {[%emt 0:03:12]} Qd4 {[%emt 0:02:30]} 31. Nc3 {[%emt 0:01:57]} e2+ {[%emt 0:00:38]} 32. Qf2 {[%emt 0:00:25]} exf1=Q+ {[%emt 0:00:15]} 33. Kxf1 {[%emt 0:00:11]} Qxc4+ {[%emt 0:00:15]} 34. Kg1 {[%emt 0:00:43]} Nd5 {[%emt 0:02:04]} 35. Nxd5 {[%emt 0:00:35]} Qxd5 {[%emt 0:00:06]} 36. a4 {[%emt 0:00:49]} Qd3 {[%emt 0:00:40]} 37. Re1 {[%emt 0:01:18]} Rc2 {[%emt 0:00:21]} 38. Qb6 {[%emt 0:00:32]} Qd5 {[%emt 0:01:19]} 0-1

[Event "LTU-ch Women 2020"]
[Site "Vilnius"]
[Date "2020.11.22"]
[Round "4.1"]
[White "Perminaite, Guoda"]
[Black "Baginskaite, Kamile"]
[Result "0-1"]
[WhiteElo "1757"]
[BlackElo "2141"]
[Annotator "NA"]
[PlyCount "70"]
[EventDate "2020.11.20"]
[EventType "swiss"]
[EventCountry "LTU"]
[SourceTitle "playchess.com"]
[Source "ChessBase"]
[SourceQuality "1"]
[TimeControl "40/5400+30:1800+30"]

1. e4 {[%emt 0:00:00]} c5 {[%emt 0:00:00]} 2. Nf3 {[%emt 0:00:00]} d6 {[%emt 0:00:00]} 3. d4 {[%emt 0:00:00]} cxd4 {[%emt 0:00:00]} 4. Nxd4 {[%emt 0:00:00]} Nf6 {[%emt 0:00:00]} 5. Nc3 {[%emt 0:00:09]} a6 {[%emt 0:00:00]} 6. Be2 {[%emt 0:00:46]} e5 {[%emt 0:02:07]} 7. Nb3 {[%emt 0:00:27]} Be7 {[%emt 0:00:17]} 8. O-O {[%emt 0:02:35]} O-O {[%emt 0:00:19]} 9. Be3 {[%emt 0:00:11]} Be6 {[%emt 0:01:37]} 10. Qd2 {[%emt 0:03:47]} b5 {[%emt 0:01:20]} 11. Bf3 {[%emt 0:17:30]} Nbd7 {[%emt 0:03:36]} 12. Rfd1 {[%emt 0:26:21]} Qc7 {[%emt 0:14:41]} 13. Bg5 {[%emt 0:10:02]} b4 {[%emt 0:04:05]} 14. Ne2 {[%emt 0:10:53]} a5 {[%emt 0:02:04]} 15. c3 {[%emt 0:00:41]} Qb7 {[%emt 0:13:26]} 16. Nbc1 {[%emt 0:03:15]} h6 {[%emt 0:02:31]} 17. Bxf6 {[%emt 0:01:28]} Nxf6 {[%emt 0:01:31]} 18. cxb4 {[%emt 0:05:01]} axb4 {[%emt 0:00:44]} 19. Nd3 {[%emt 0:01:15]} Rfb8 {[%emt 0:10:20]} 20. b3 {[%emt 0:06:50]} Nxe4 {[%emt 0:08:44]} 21. Qe3 {[%emt 0:00:11]} d5 {[%emt 0:01:28]} 22. Bxe4 {[%emt 0:04:38]} dxe4 {[%emt 0:00:38]} 23. Nc5 {[%emt 0:00:51]} Bxc5 {[%emt 0:02:32]} 24. Qxc5 {[%emt 0:00:09]} f6 {[%emt 0:00:22]} 25. Ng3 {[%emt 0:01:22]} Rc8 {[%emt 0:01:13]} 26. Qe3 {[%emt 0:00:59]} f5 {[%emt 0:01:40]} 27. Qd2 {[%emt 0:01:04]} Qb6 {[%emt 0:02:08]} 28. Qb2 {[%emt 0:00:32]} Rc3 {[%emt 0:01:16]} 29. Ne2 {[%emt 0:00:14]} Rc5 {[%emt 0:01:23]} 30. Rac1 {[%emt 0:02:12]} Rca5 {[%emt 0:02:16]} 31. Ra1 {[%emt 0:00:39]} e3 {[%emt 0:01:09]} 32. f3 {[%emt 0:00:46]} f4 {[%emt 0:00:52]} 33. Rd3 {[%emt 0:00:41]} Qa6 {[%emt 0:01:16]} 34. Nc1 {[%emt 0:00:24]} Bf5 {[%emt 0:00:55]} 35. Rd1 {[%emt 0:00:23]} Rc8 {[%emt 0:00:23]} 0-1